Score 0/50 Timer 05:00
4 Plays Today
% Correct
Katniss
75.8%
Peeta
74%
Cinna
73.5%
Haymitch
72.3%
Caesar
71.8%
Primrose
71.6%
Seneca
70.2%
Plutarch
70%
Gale
69.4%
Cato
65.8%
Flavius
64.7%
Rue
64.7%
Glimmer
62.6%
Coriolanus
62.2%
Portia
61.1%
Finnick
61%
Clove
60.9%
Thresh
60.8%
Annie
57.1%
Mags
55.7%
Madge
55.1%
Gloss
54.9%
Cashmere
53.5%
Brutus
51.9%
Enobaria
50.2%
% Correct
Beetee
50.2%
Tigris
49.9%
Johanna
49.6%
Marvel
48.9%
Wiress
47.2%
Alma
46.5%
Foxface
45.8%
Boggs
44.3%
Maysilee
42.2%
Seeder
39.7%
Chaff
39.6%
Delly
39.6%
Bonnie
39.4%
Jackson
34.7%
Twill
33.8%
Homes
32.6%
Cecelia
31.7%
Blight
31.2%
Paylor
29%
Mitchell
28.4%
Woof
28.3%
Lyme
22.2%
Eddy
20.4%
Dalton
17.7%
Titus
15.8%
Remove Ads.
Support Sporcle.
Get the best of Sporcle when you Go Orange. This ad-free experience offers more features, more stats, and more fun while also helping to support Sporcle. Thank you for becoming a member.

You're not logged in!

Compare scores with friends on all Sporcle quizzes.
OR
Log In

Show Comments

Extras

Top Quizzes Today


Score Distribution

Your Account Isn't Verified!

In order to create a playlist on Sporcle, you need to verify the email address you used during registration. Go to your Sporcle Settings to finish the process.

Report this User

Report this user for behavior that violates our Community Guidelines.

Details: